Welcome to the Holygrace Academy Library

Please use search bar below to get started

DAIVATHINTE VIKRUTHIKAL (Record no. 9049)

MARC details
000 -LEADER
fixed length control field 00356nam a22001457a 4500
020 ## - INTERNATIONAL STANDARD BOOK NUMBER
ISBN 81-7130-205-x
082 ## - DEWEY DECIMAL CLASSIFICATION NUMBER
Classification number 894.812.3
Item number MUK/D
100 ## - MAIN ENTRY--AUTHOR NAME
Personal name MUKUNDAN, M
245 ## - TITLE STATEMENT
Title DAIVATHINTE VIKRUTHIKAL
246 ## - VARYING FORM OF TITLE
Title proper/short title DAIVATHINTE VIKRUTHIKAL
Remainder of title DAIVATHINTE VIKRUTHIKAL
260 ## - PUBLICATION, DISTRIBUTION, ETC. (IMPRINT)
Place of publication KOTTAYAM
Name of publisher D C
Year of publication 2022
300 ## - PHYSICAL DESCRIPTION
Number of Pages 320
650 ## - SUBJECT ADDED ENTRY--TOPICAL TERM
Topical Term MALAYALAM NOVEL
942 ## - ADDED ENTRY ELEMENTS (KOHA)
Koha item type Books
Holdings
Withdrawn status Lost status Collection code Home library Current library Date acquired Source of acquisition Cost, normal purchase price Full call number Accession Number Koha item type
    Fiction Main Library Main Library 07/03/2024 PURCHASED 390.00 894.812.3 MUK/D 13595 Books